Central Library OPAC University of Rajshahi

Studies in literature : (Record no. 76820)

MARC details
000 -LEADER
fixed length control field 00804nam a2200265I 4500
001 - CONTROL NUMBER
control field 76820
003 - CONTROL NUMBER IDENTIFIER
rucl marc code BD-RjUL
005 - DATE AND TIME OF LATEST TRANSACTION
control field 20211209082907.0
008 - FIXED-LENGTH DATA ELEMENTS--GENERAL INFORMATION
fixed length control field 200122s1923 nyu 000 0 eng u
035 ## - SYSTEM CONTROL NUMBER
System control number MITb10532640
System control number (OCoLC)16854618
System control number (BD-RjUL)77044
040 ## - CATALOGING SOURCE
Transcribing agency FDS
Modifying agency RCD
Original cataloging agency BD-RjUL
Language of cataloging eng
041 ## - LANGUAGE CODE
Language code of text/sound track or separate title eng
049 ## - LOCAL HOLDINGS (OCLC)
Holding library RCDA
082 ## - DEWEY DECIMAL CLASSIFICATION NUMBER
Edition number 23
Classification number 820.9
Author mark and year QUS 1923
100 1# - MAIN ENTRY--PERSONAL NAME
Personal name Quiller-Couch, Arthur,
Dates associated with a name 1863-1944.
9 (RLIN) 238080
245 10 - TITLE STATEMENT
Title Studies in literature :
Remainder of title First series /
Statement of responsibility, etc. By Sir Arthur Quiller-Couch.
250 ## - EDITION STATEMENT
Edition statement Poket ed.
260 ## - PUBLICATION, DISTRIBUTION, ETC. (IMPRINT)
Place of publication, distribution, etc. New York;
-- Cambridge, Eng. :
Name of publisher, distributor, etc. G. P. Putnam's sons;
-- University press,
Date of publication, distribution, etc. 1923.
300 ## - PHYSICAL DESCRIPTION
Pagination vi, 307 p. ;
Size 18 cm.
650 #0 - SUBJECT ADDED ENTRY--TOPICAL TERM
Topical term or geographic name as entry element English literature
General subdivision History and criticism.
9 (RLIN) 238081
942 ## - ADDED ENTRY ELEMENTS (KOHA)
Source of classification or shelving scheme Dewey Decimal Classification
Koha item type Books
Holdings
Lost status Source of classification or shelving scheme Damaged status Not for loan Collection code Permanent Location Current Location Shelving location Date acquired Source of acquisition Cost, normal purchase price Total Checkouts Full call number Date last seen Copy number Koha item type
  Dewey Decimal Classification   Not For Loan Non-fiction Central Library, University of Rajshahi Central Library, University of Rajshahi Reading Room 18/10/1965 Blackwell 8.60   820.9 QUS 1923 22/01/2020 C-1 Books